000 00927nam a2200277Ia 4500
005 20220317000517.0
008 160601s2005 ck g 000 0 spa
020 _a9580471363
100 1 _aTéllez, Hernando
_d1908-1966
245 1 0 _aCenizas para el viento
_cHernando Téllez
250 _a2a. edición
_b1a. reimpresión
300 _a150, 49 páginas
_c20 cm
490 _aColección cara y cruz
500 _aIncluye cronología
600 1 4 _aTéllez, Hernando
_d1908-1966
_xCrítica e interpretación
_946829
650 1 4 _2LEMB
_aCuentos colombianos
_ySiglo XX
650 1 4 _2LEMB
_aLiteratura colombiana
_ySiglo XX
650 1 4 _2LEMB
_aViolencia en la literatura
942 _2loc
_cBKLIT
264 _aBogotá
_bNorma
_c2005
336 _atexto
_btxt
_2rdacontent
337 _asin mediación
_bn
_2rdamedia
338 _avolumen
_bnc
_2rdacarrier
040 _aCO-BoRNBP
_bspa
_erda
_cCO-BoRNBP
084 _aC TEL1
999 _c4248
_d4248